Name the cars - Statistics

General Stats
  • This quiz has been taken 1,619 times
  • The average score is 7 of 15
Answer Stats
Car Model Corresponding Brand % Correct
Challenger Dodge
94%
Raptor Ford
89%
918 Spyder Porsche
86%
Urus Lamborghini
73%
F50 Ferrari
71%
Agera R Koenigsegg
55%
500L Fiat
54%
Sebring Chrysler
43%
Apollo Gumpert
30%
Prowler Plymouth
29%
Ion Saturn
25%
Venom Viper Hennessey
24%
Monaro Vauxhall
23%
CJ5 Jeep
22%
MTX Mastretta
3%
No matching quizzes found
Score Distribution
Percent of People with Each Score
Percentile by Number Answered
Your Score History
You have not taken this quiz